<?xml version="1.0" encoding="UTF-8"?><?xml-stylesheet type="text/xsl" href="static/style.xsl"?><OAI-PMH xmlns="http://www.openarchives.org/OAI/2.0/" xmlns:xsi="http://www.w3.org/2001/XMLSchema-instance" xsi:schemaLocation="http://www.openarchives.org/OAI/2.0/ http://www.openarchives.org/OAI/2.0/OAI-PMH.xsd"><responseDate>2026-04-14T05:13:55Z</responseDate><request verb="GetRecord" identifier="oai:www.recercat.cat:20.500.12327/2233" metadataPrefix="marc">https://recercat.cat/oai/request</request><GetRecord><record><header><identifier>oai:recercat.cat:20.500.12327/2233</identifier><datestamp>2025-10-22T11:09:57Z</datestamp><setSpec>com_2072_4428</setSpec><setSpec>com_2072_4427</setSpec><setSpec>col_2072_487898</setSpec></header><metadata><record xmlns="http://www.loc.gov/MARC21/slim" xmlns:dcterms="http://purl.org/dc/terms/" xmlns:xsi="http://www.w3.org/2001/XMLSchema-instance" xmlns:doc="http://www.lyncode.com/xoai" xsi:schemaLocation="http://www.loc.gov/MARC21/slim http://www.loc.gov/standards/marcxml/schema/MARC21slim.xsd">
   <leader>00925njm 22002777a 4500</leader>
   <datafield ind2=" " ind1=" " tag="042">
      <subfield code="a">dc</subfield>
   </datafield>
   <datafield ind2=" " ind1=" " tag="720">
      <subfield code="a">Jones, H.E.</subfield>
      <subfield code="e">author</subfield>
   </datafield>
   <datafield ind2=" " ind1=" " tag="720">
      <subfield code="a">Lukac, M.</subfield>
      <subfield code="e">author</subfield>
   </datafield>
   <datafield ind2=" " ind1=" " tag="720">
      <subfield code="a">Brak, B.</subfield>
      <subfield code="e">author</subfield>
   </datafield>
   <datafield ind2=" " ind1=" " tag="720">
      <subfield code="a">Martinez-Eixarch, M.</subfield>
      <subfield code="e">author</subfield>
   </datafield>
   <datafield ind2=" " ind1=" " tag="720">
      <subfield code="a">Alhomedhi, A.</subfield>
      <subfield code="e">author</subfield>
   </datafield>
   <datafield ind2=" " ind1=" " tag="720">
      <subfield code="a">Gooding, M.J.</subfield>
      <subfield code="e">author</subfield>
   </datafield>
   <datafield ind2=" " ind1=" " tag="720">
      <subfield code="a">Wingen, L.U.</subfield>
      <subfield code="e">author</subfield>
   </datafield>
   <datafield ind2=" " ind1=" " tag="720">
      <subfield code="a">Griffiths, S.</subfield>
      <subfield code="e">author</subfield>
   </datafield>
   <datafield ind2=" " ind1=" " tag="260">
      <subfield code="c">2016-06-01</subfield>
   </datafield>
   <datafield ind2=" " ind1=" " tag="520">
      <subfield code="a">Flowering and successful pollination in wheat are key determinants of both quantity and quality of grain. Bread wheat line ‘Paragon’, introgressed with single or multiple daylength insensitivity alleles was used to dissect the effects on the timing and duration of flowering within a hierarchical plant architecture. Flowering of wheat plants was observed in a series of pot-based and field experiments. Ppd-D1a was the most potent known allele affecting the timing of flowering, requiring the least thermal time to flowering across all experiments. The duration of flowering for individual lines was dominated by the shift in the start of flowering in later tillers and the number of tillers per plant, rather than variation in flowering duration of individual spikes. There was a strong relationship between flowering duration and the start of flowering with the earliest lines flowering for the longest. The greatest flowering overlap between tillers was recorded for the Ppd-1b. Across all lines, a warmer environment significantly reduced the duration of flowering and the influence of Ppd-1a alleles on the start of flowering. These findings provide evidence of pleiotropic effects of the Ppd-1a alleles, and have direct implications for breeding for increased stress&#xd;
resilient wheat varieties.</subfield>
   </datafield>
   <datafield ind1="8" ind2=" " tag="024">
      <subfield code="a">Jones, H.E., M. Lukac, B. Brak, M. Martinez-Eixarch, A. Alhomedhi, M. J. Gooding, L.U. Wingen, and S. Griffiths. 2016. "Photoperiod Sensitivity Affects Flowering Duration In Wheat". The Journal Of Agricultural Science 155 (1): 32-43. doi:10.1017/s0021859616000125.</subfield>
   </datafield>
   <datafield ind1="8" ind2=" " tag="024">
      <subfield code="a">0021-8596</subfield>
   </datafield>
   <datafield ind1="8" ind2=" " tag="024">
      <subfield code="a">http://hdl.handle.net/20.500.12327/2233</subfield>
   </datafield>
   <datafield ind1="8" ind2=" " tag="024">
      <subfield code="a">https://doi.org/10.1017/S0021859616000125</subfield>
   </datafield>
   <datafield ind2="0" ind1="0" tag="245">
      <subfield code="a">Photoperiod sensitivity affects flowering duration in wheat</subfield>
   </datafield>
</record></metadata></record></GetRecord></OAI-PMH>